An Introduction to the Green Economy Science, Systems and Sustainability
Salvato in:
| Autore principale: | |
|---|---|
| Altri autori: | |
| Natura: | Libro |
| Lingua: | inglese |
| Pubblicazione: |
Abingdon
Routledge
2014
|
| Edizione: | 1st Edition |
| Soggetti: | |
| Tags: |
Nessun Tag, puoi essere il primo ad aggiungerne!!
|
MARC
| LEADER | 00000nam a2200000 4500 | ||
|---|---|---|---|
| 001 | 0281213 | ||
| 005 | 20240229085529.6 | ||
| 020 | |a 978-0-415-71161-6 | ||
| 020 | |a 978-0-415-71160-9 | ||
| 041 | 0 | |a eng | |
| 044 | |a GB | ||
| 245 | 1 | 0 | |a An Introduction to the Green Economy |b Science, Systems and Sustainability |c Adrian C. Newton and Elena Cantarello |
| 250 | |a 1st Edition | ||
| 264 | 1 | |a Abingdon |b Routledge |c 2014 | |
| 300 | |a xxiii, 358 s. | ||
| 610 | 2 | 0 | |a ekonomika ekologická |
| 610 | 2 | 0 | |a ekonomika environmentálna |
| 610 | 2 | 0 | |a rozvoj trvalo udržateľný |
| 610 | 2 | 0 | |a zmeny klimatické |
| 610 | 2 | 0 | |a diverzita |
| 610 | 2 | 0 | |a zdroje energie obnoviteľné |
| 610 | 2 | 0 | |a právo |
| 100 | 1 | |a Newton, Adrian C. | |
| 700 | 1 | |a Cantarello, Elena | |